000 00523nam a2200205Ia 4500
001 12700
003 GE_BSU
008 181216s||||||||xx |||||||||||||| ||und||
040 _cGE_BSU
080 _a639.3
100 _aПлавильщиков,Н.
245 _aЖизнь пруда
245 _cОтв.ред. Г.Иванова
260 _aМ-Л
260 _bГосиздат детской лит-ры
260 _c1952
300 _a125стр.илл.21см.
653 _aЖизнь пруда
942 _cBK
999 _c45871
_d45871